<?xml version="1.0" encoding="UTF-8"?><?xml-stylesheet type="text/xsl" href="static/style.xsl"?><OAI-PMH xmlns="http://www.openarchives.org/OAI/2.0/" xmlns:xsi="http://www.w3.org/2001/XMLSchema-instance" xsi:schemaLocation="http://www.openarchives.org/OAI/2.0/ http://www.openarchives.org/OAI/2.0/OAI-PMH.xsd"><responseDate>2026-04-17T01:49:47Z</responseDate><request verb="GetRecord" identifier="oai:www.recercat.cat:2072/420391" metadataPrefix="marc">https://recercat.cat/oai/request</request><GetRecord><record><header><identifier>oai:recercat.cat:2072/420391</identifier><datestamp>2024-11-27T21:42:48Z</datestamp><setSpec>com_2072_98</setSpec><setSpec>col_2072_378196</setSpec></header><metadata><record xmlns="http://www.loc.gov/MARC21/slim" xmlns:dcterms="http://purl.org/dc/terms/" xmlns:xsi="http://www.w3.org/2001/XMLSchema-instance" xmlns:doc="http://www.lyncode.com/xoai" xsi:schemaLocation="http://www.loc.gov/MARC21/slim http://www.loc.gov/standards/marcxml/schema/MARC21slim.xsd">
   <leader>00925njm 22002777a 4500</leader>
   <datafield ind2=" " ind1=" " tag="042">
      <subfield code="a">dc</subfield>
   </datafield>
   <datafield ind2=" " ind1=" " tag="720">
      <subfield code="a">Graterol Torres, Domingo Jesús</subfield>
      <subfield code="e">author</subfield>
   </datafield>
   <datafield ind2=" " ind1=" " tag="720">
      <subfield code="a">Universitat Autònoma de Barcelona. Departament de Cirurgia</subfield>
      <subfield code="e">author</subfield>
   </datafield>
   <datafield ind2=" " ind1=" " tag="720">
      <subfield code="a">Universitat Autònoma de Barcelona. Facultat de Medicina</subfield>
      <subfield code="e">author</subfield>
   </datafield>
   <datafield ind2=" " ind1=" " tag="260">
      <subfield code="c">2011</subfield>
   </datafield>
   <datafield ind2=" " ind1=" " tag="520">
      <subfield code="a">L'ototoxicitat per cisplatí es presenta fins en un 70% dels pacients i pogués estar relacionada amb els haplogrups de l'ADN mitocondrial de cada individu. Material i Mètode: es va determinar el haplogrup de 26 pacients tractats amb cisplatí i es va realitzar un seguiment audiomètric durant el tractament. Resultats: 61,5% va presentar pèrdua auditiva significativa. Haplogrups: 16 pertanyents al grup HV, 6 al UK, 3 al WIX i 1 al JT. No es va trobar relació entre la pèrdua auditiva i els haplogrups de l'ADN mitocondrial. Conclusió: L'ototoxicitat per cisplastí no guarda relació amb els haplogrups de l'ADN mitocondrial.</subfield>
   </datafield>
   <datafield ind2=" " ind1=" " tag="520">
      <subfield code="a">La ototoxicidad por cisplatino se presenta hasta en un 70% de los pacientes y pudiera estar relacionada con los haplogrupos del ADN mitocondrial de cada individuo. Material y Método: se determinó el haplogrupo de 26 pacientes tratados con cisplatino y se realizó un seguimiento audiométrico durante el tratamiento. Resultados: 61,5 % presentó pérdida auditiva significativa. Haplogrupos: 16 pertenecientes al grupo HV, 6 al UK, 3 al WIX y 1 al JT. No se encontró relación entre la pérdida auditiva y los haplogrupos del ADN mitocondrial. Conclusión: La ototoxicidad por cisplastino no guarda relación con los haplogrupos del ADN mitocondrial.</subfield>
   </datafield>
   <datafield tag="653" ind2=" " ind1=" ">
      <subfield code="a">Cisplatí Efectes secundaris</subfield>
   </datafield>
   <datafield tag="653" ind2=" " ind1=" ">
      <subfield code="a">Medicaments antineoplàstics Efectes secundaris</subfield>
   </datafield>
   <datafield ind2="0" ind1="0" tag="245">
      <subfield code="a">Estudio de los factores mitocondriales y ambientales que contribuyen a la sordera por cisplatino</subfield>
   </datafield>
</record></metadata></record></GetRecord></OAI-PMH>